Detalles MARC
| 000 -LEADER |
| fixed length control field |
01683 am a2200397 a 4500 |
| 005 - FECHA ULTIMA MODIFICACION |
| control field |
20240625104501.0 |
| 008 - CAMPO DE CONTROL (LIBRO) |
| fixed length control field |
100603s1994||||nyua f |||| 001 0 spa d |
| 020 ## - INTERNATIONAL STANDARD BOOK NUMBER |
| ISBN |
S/N |
| 041 ## - CODIGO DE IDIOMA |
| Código de idioma del texto/pista de sonido o título separado |
spa |
| 092 ## - SIGNATURA TOPOGRAFICA DEWEY LOCAL |
| número de clasificación |
616.5 |
| libristica |
28 |
| sección |
GEL |
| 100 1# - ENTRADA PRINCIPAL--NOMBRE PERSONAL |
| Nombre personal |
Gelmetti, Carlo. |
| Función |
Ed. |
| 9 (RLIN) |
1203 |
| 245 ## - TITULO PROPIAMENTE DICHO |
| Título |
Dermatología pediátrica. |
| Subtítulo y Título paralelo |
Debates y conceptos actuales / |
| Mención de responsabilidad y remanente de la transcripción de la portada |
Carlo Gelmetti. |
| 250 ## - MENCION DE EDICION |
| Mención de edición |
1a ed. |
| 260 ## - PIE DE IMPRENTA |
| Lugar de publicación, distribución, etc |
New York: |
| Nombre de la editorial, distribuidor, etc |
Elocon ; DM Medical Publishing; |
| Fecha de publicación |
1994. |
| 300 ## - DESCRIPCION FISICA |
| Extension |
211 p. |
| 500 ## - NOTA GENERAL |
| Nota general |
Gelmetti, C. (Ed.). (1994). Dermatología pediátrica. Debates y conceptos actuales. (1a ed.). New York : Elocon ; DM Medical Publishing. |
| 653 ## - TÉRMINO INDIZADO - PALABRAS CLAVES |
| Palabra clave |
Limpieza de la piel infantil |
| 653 ## - TÉRMINO INDIZADO - PALABRAS CLAVES |
| Palabra clave |
Dermatitis seborreica infantil |
| 653 ## - TÉRMINO INDIZADO - PALABRAS CLAVES |
| Palabra clave |
Dermatitis de los pañales: diagnóstico toppográfico y guías terapéuticas |
| 653 ## - TÉRMINO INDIZADO - PALABRAS CLAVES |
| Palabra clave |
Nuevos conceptos y adelantos recientes en las enfermedades cutáneas genéticas |
| 653 ## - TÉRMINO INDIZADO - PALABRAS CLAVES |
| Palabra clave |
Medio ambiente en la dematitis atópica |
| 653 ## - TÉRMINO INDIZADO - PALABRAS CLAVES |
| Palabra clave |
Papel desempeñado por los alimentos en la dermatitis atópica |
| 653 ## - TÉRMINO INDIZADO - PALABRAS CLAVES |
| Palabra clave |
Síndrome de Gianotti-Crosti: historia, debates y situación actual |
| 653 ## - TÉRMINO INDIZADO - PALABRAS CLAVES |
| Palabra clave |
Lupus erimatoso en niños |
| 653 ## - TÉRMINO INDIZADO - PALABRAS CLAVES |
| Palabra clave |
Reacción del injerto contra el huésped |
| 653 ## - TÉRMINO INDIZADO - PALABRAS CLAVES |
| Palabra clave |
Vasculitis cutáneas en niños |
| 653 ## - TÉRMINO INDIZADO - PALABRAS CLAVES |
| Palabra clave |
Dermatosis inmunoampollares en la niñez |
| 653 ## - TÉRMINO INDIZADO - PALABRAS CLAVES |
| Palabra clave |
Panniculitis en la niñez |
| 653 ## - TÉRMINO INDIZADO - PALABRAS CLAVES |
| Palabra clave |
Tratamiento de la histiocitosis de las células de Langerhans |
| 653 ## - TÉRMINO INDIZADO - PALABRAS CLAVES |
| Palabra clave |
Controversia sobre las anormalidades vasculares superficiales |
| 653 ## - TÉRMINO INDIZADO - PALABRAS CLAVES |
| Palabra clave |
Infecciones anogenitales por papilomavirus humano en niños |
| 653 ## - TÉRMINO INDIZADO - PALABRAS CLAVES |
| Palabra clave |
Abuso infantil |
| 930 ## - NUMERO DE INVENTARIO |
| Número de inventario |
1726 |
| 930 ## - NUMERO DE INVENTARIO |
| Número de inventario |
1671 |
| 942 ## - ADDED ENTRY ELEMENTS (KOHA) |
| Source of classification or shelving scheme |
Dewey Decimal Classification |
| Item type |
Libros |